000 00574nam a2200145 4500
008 030917s1965 nju 000 0 eng
090 _aBX4827.B3
_bW66k
100 1 _aWillems, Boniface A.,
_d1926-
245 1 0 _aKarl Barth;
_ban ecumenical approach to his theology,
_cby B. A. Willems. Translated by Matthew J. van Velzen.
260 _aGlen Rock, N.J.
_bPaulist Press
_c[1965]
300 _a128 p.
_b(p. 119-128 advertisements)
_c18 cm.
490 1 _aDeus books
600 1 4 _aBarth, Karl,
_d1886-1968.
951 _p26461
_x00025432
_oBX4827.B3/W66k
_j070613111312734
_d2000-12-21
_cGC
999 _c16998
_d16998